<?xml version="1.0" encoding="UTF-8"?>
<record
    xmlns:xsi="http://www.w3.org/2001/XMLSchema-instance"
    xsi:schemaLocation="http://www.loc.gov/MARC21/slim http://www.loc.gov/standards/marcxml/schema/MARC21slim.xsd"
    xmlns="http://www.loc.gov/MARC21/slim">

  <leader>01137cam a2200229 a 4500</leader>
  <controlfield tag="001">000007292</controlfield>
  <controlfield tag="005">20200929154125.0</controlfield>
  <controlfield tag="008">990907s1999    mx a     b    001 0 spa d</controlfield>
  <datafield tag="040" ind1=" " ind2=" ">
    <subfield code="a">DO-SdBNP</subfield>
    <subfield code="c">FQG</subfield>
    <subfield code="d">DLC</subfield>
  </datafield>
  <datafield tag="082" ind1=" " ind2=" ">
    <subfield code="a">920.</subfield>
    <subfield code="b">M539t</subfield>
  </datafield>
  <datafield tag="100" ind1="1" ind2=" ">
    <subfield code="a">Mendoza, Francisco de,</subfield>
    <subfield code="c">Cardenal, Obispo,</subfield>
    <subfield code="d">1508-1566.</subfield>
    <subfield code="9">20247</subfield>
  </datafield>
  <datafield tag="245" ind1="1" ind2="3">
    <subfield code="a">El tiz&#xF3;n de la nobleza de Espa&#xF1;a /</subfield>
    <subfield code="c">por el Cardenal Francisco de Mendoza y Bovadilla ; introducci&#xF3;n, Armando Mauricio Escobar Olmedo ; pr&#xF3;logo, Fredo Arias de la Canal.</subfield>
  </datafield>
  <datafield tag="260" ind1=" " ind2=" ">
    <subfield code="a">Mexico :</subfield>
    <subfield code="b">Frente de Afirmaci&#xF3;n Hispanista,</subfield>
    <subfield code="c">1999.</subfield>
  </datafield>
  <datafield tag="300" ind1=" " ind2=" ">
    <subfield code="a">xlix, 235 p. :</subfield>
    <subfield code="b">il. ;</subfield>
    <subfield code="c">23 cm.</subfield>
  </datafield>
  <datafield tag="500" ind1=" " ind2=" ">
    <subfield code="a">Publicado originalmente en el a&#xF1;o 1880 como: El Tiz&#xF3;n de la nobleza o espa&#xF1;ola, m&#xE1;culas y sambenitos de sus linajes.</subfield>
  </datafield>
  <datafield tag="504" ind1=" " ind2=" ">
    <subfield code="a">Includes bibliographical references (p. 176-185) and index.</subfield>
  </datafield>
  <datafield tag="650" ind1=" " ind2="0">
    <subfield code="a">Titles of honor and nobility</subfield>
    <subfield code="z">Spain</subfield>
    <subfield code="v">Early works to 1800.</subfield>
    <subfield code="9">20248</subfield>
  </datafield>
  <datafield tag="650" ind1=" " ind2="0">
    <subfield code="a">Nobility</subfield>
    <subfield code="z">Spain</subfield>
    <subfield code="v">Genealogy</subfield>
    <subfield code="v">Early works to 1800.</subfield>
    <subfield code="9">20249</subfield>
  </datafield>
  <datafield tag="700" ind1="1" ind2=" ">
    <subfield code="a">Escobar Olmedo, Armando M.</subfield>
    <subfield code="q">(Armando Mauricio).</subfield>
    <subfield code="9">20250</subfield>
  </datafield>
  <datafield tag="700" ind1="1" ind2=" ">
    <subfield code="a">Arias de la Canal, Fredo,</subfield>
    <subfield code="e">pr&#xF3;l.</subfield>
    <subfield code="9">8096</subfield>
  </datafield>
  <datafield tag="910" ind1=" " ind2=" ">
    <subfield code="a">Catalogaci&#xF3;n por copia / LC</subfield>
  </datafield>
  <datafield tag="952" ind1=" " ind2=" ">
    <subfield code="0">0</subfield>
    <subfield code="1">0</subfield>
    <subfield code="5">2</subfield>
    <subfield code="7">0</subfield>
    <subfield code="8">MO</subfield>
    <subfield code="a">GR</subfield>
    <subfield code="b">GR</subfield>
    <subfield code="c">CT</subfield>
    <subfield code="d">2009-09-07</subfield>
    <subfield code="i">LF1</subfield>
    <subfield code="l">0</subfield>
    <subfield code="o">920. M539t</subfield>
    <subfield code="p">7292-10</subfield>
    <subfield code="r">2020-06-25</subfield>
    <subfield code="w">2020-06-25</subfield>
    <subfield code="y">2</subfield>
    <subfield code="Z">Pr&#xE9;stamo interno</subfield>
  </datafield>
  <datafield tag="999" ind1=" " ind2=" ">
    <subfield code="c">7073</subfield>
    <subfield code="d">7073</subfield>
  </datafield>
</record>
